Temblores de aire : en las fuentes del terror /
Gardado en:
| Autor Principal: | |
|---|---|
| Outros autores: | |
| Formato: | Libro |
| Idioma: | Lingua castelá |
| Publicado: |
Valencia, España :
Pre-Textos,
2003, c2003
|
| Series: | (Pre-Textos ; Ensayo)
625. |
| Temas: | |
| Etiquetas: |
Sen Etiquetas, Sexa o primeiro en etiquetar este rexistro!
|
MARC
| LEADER | 00000nam^a2200000^a^4500 | ||
|---|---|---|---|
| 001 | 000154738 | ||
| 005 | 20250521000000.0 | ||
| 009 | 20260310100404.884 | ||
| 020 | |a 84-8191-518-1 | ||
| 037 | |a Acervo ITESO - Biblioteca | ||
| 041 | |a ESP | ||
| 082 | |a 327. 174 |b SLO | ||
| 100 | |a Sloterdijk, Peter |e (autor) | ||
| 245 | 1 | 0 | |a Temblores de aire : |b en las fuentes del terror / |c P. Sloterdijk ; pról. e iconografía de N. Sánchez Durá ; tr. por Germán Cano. |
| 264 | 4 | |a Valencia, España : |b Pre-Textos, |c 2003, c2003 | |
| 300 | |a 142 p. | ||
| 336 | |a texto |b txt |2 rdacontenido | ||
| 337 | |a sin mediación |b n |2 rdamedio | ||
| 338 | |a volumen |b nc |2 rdasoporte | ||
| 440 | 1 | |a (Pre-Textos ; |v 625. |p Ensayo) | |
| 500 | |a Traducción de: Luftbeben. An den Quellen des Terrors | ||
| 649 | |a XX | ||
| 650 | |a Ensayos | ||
| 650 | |a Gases | ||
| 650 | |a Armamentismo | ||
| 650 | |a Terrorismo | ||
| 650 | |a Guerra y Paz | ||
| 650 | |a Violencia Política | ||
| 650 | |a Problemas Sociales | ||
| 650 | |a Filosofía Política | ||
| 650 | |a Política Internacional | ||
| 650 | |a Historia Moderna - |y Siglo XX | ||
| 650 | |a Historia Universal | ||
| 700 | |a Sánchez Durá, Nicolás |e (prólogo) | ||
| 910 | |a Fondo General | ||
| 920 | |a Impresos - Libros | ||
| 930 | |a Colección General | ||
| 905 | |a 101 | ||
| 901 | |a 0500086292 |b IT1 |c ACC |u 20250521 | ||
| 902 | |a https://opac.biblio.iteso.mx/vufind/Record/000154738 | ||